[Event "Open de Otoño Fundación CajaCanarias"]
[Site "Santa Cruz de Tenerife ESP"]
[Date "2014.10.30"]
[Round "3.14"]
[White "Marichal Miranda, Diego"]
[Black "Paz Mendez, German Christopher"]
[Result "0-1"]
[WhiteElo "1431"]
[BlackElo "1715"]
[PlyCount "60"]
[EventDate "2014.10.27"]
[EventType "swiss"]
[EventRounds "9"]
[EventCountry "ESP"]
[Source "lmi"]
[SourceDate "2014.10.27"]

1. e4 c5 2. b3 Nc6 3. Bb2 e6 4. Nc3 Be7 5. f4 d5 6. e5 a6 7. Nf3 Qb6 8. d4 cxd4
9. Na4 Qb4+ 10. Qd2 Qxd2+ 11. Nxd2 Rb8 12. O-O-O b5 13. Bxd4 bxa4 14. Nf3 axb3
15. axb3 Nh6 16. g3 O-O 17. h4 Nxd4 18. Nxd4 Ng4 19. Rd2 Bc5 20. Rh3 a5 21. Nc6
Rb6 22. Nd4 Ba6 23. Bg2 Rfb8 24. Bf3 h5 25. Bxg4 hxg4 26. Rhh2 a4 27. h5 Bxd4
28. Rxd4 axb3 29. Rdd2 b2+ 30. Kb1 Bc4 0-1

[Event "Open de Otoño Fundación CajaCanarias"]
[Site "Santa Cruz de Tenerife ESP"]
[Date "2014.10.30"]
[Round "3.15"]
[White "Gonzalez Moreno, Juan Carlos"]
[Black "Bernardez Gonzalez, Roberto"]
[Result "1/2-1/2"]
[WhiteElo "1714"]
[BlackElo "1420"]
[PlyCount "68"]
[EventDate "2014.10.27"]
[EventType "swiss"]
[EventRounds "9"]
[EventCountry "ESP"]
[Source "lmi"]
[SourceDate "2014.10.27"]

1. e4 e6 2. d4 d5 3. e5 c5 4. c3 Qb6 5. Nf3 Nc6 6. a3 Nh6 7. b4 cxd4 8. cxd4
Nf5 9. Bd3 Be7 10. Be3 Nxe3 11. fxe3 Bd7 12. O-O Rc8 13. Qe1 f6 14. exf6 Bxf6
15. Nc3 Qd8 16. Nb5 O-O 17. Nd6 Rc7 18. Rc1 Be7 19. Nb5 Rc8 20. e4 a6 21. Nc3
Bf6 22. exd5 Nxd4 23. Qe4 Nxf3+ 24. Rxf3 g6 25. Bc4 Qb6+ 26. Kh1 Qd4 27. Qxd4
Bxd4 28. Ne2 Rxf3 29. gxf3 Bb5 30. Nxd4 Rxc4 31. Rxc4 Bxc4 32. dxe6 Kf8 33. Kg2
Ke7 34. Kg3 Bxe6 1/2-1/2

[Event "Open de Otoño Fundación CajaCanarias"]
[Site "Santa Cruz de Tenerife ESP"]
[Date "2014.10.30"]
[Round "3.16"]
[White "Febles Dominguez, Alfonso Jesu"]
[Black "Guniaeva, Olga"]
[Result "0-1"]
[WhiteElo "1379"]
[BlackElo "1685"]
[PlyCount "67"]
[EventDate "2014.10.27"]
[EventType "swiss"]
[EventRounds "9"]
[EventCountry "ESP"]
[Source "lmi"]
[SourceDate "2014.10.27"]

1. e4 c6 2. d4 d5 3. Nc3 dxe4 4. Nxe4 Bf5 5. Ng3 Bg6 6. Nf3 Nd7 7. Bc4 e6 8.
O-O Bd6 9. Re1 Ngf6 10. Bg5 h6 11. Bd2 b5 12. Bb3 O-O 13. Ne5 Bxe5 14. dxe5 Nd5
15. c4 N5b6 16. cxb5 cxb5 17. Bb4 Re8 18. Ba5 Qb8 19. Bb4 a5 20. Bd6 Qb7 21.
Bc2 Bxc2 22. Qxc2 Nc4 23. Rad1 Rac8 24. Qe2 Nxd6 25. exd6 Rc6 26. Qg4 Nf6 27.
Qf3 Qd7 28. Qf4 Rd8 29. Qe5 Nd5 30. Nh5 f6 31. Qxe6+ Qxe6 32. Rxe6 Kf7 33. Re7+
Nxe7 34. h3 0-1

[Event "Open de Otoño Fundación CajaCanarias"]
[Site "Santa Cruz de Tenerife ESP"]
[Date "2014.10.30"]
[Round "3.17"]
[White "De La Rosa Baez, Carlos"]
[Black "De Castro De Leon, Jorge"]
[Result "0-1"]
[WhiteElo "1326"]
[BlackElo "1630"]
[PlyCount "59"]
[EventDate "2014.10.27"]
[EventType "swiss"]
[EventRounds "9"]
[EventCountry "ESP"]
[Source "lmi"]
[SourceDate "2014.10.27"]

1. c4 Nf6 2. g3 e6 3. Bg2 c5 4. Nc3 d5 5. b3 Nc6 6. Bb2 Be7 7. cxd5 exd5 8. e3
O-O 9. Nf3 Bf5 10. O-O Bd3 11. Re1 b5 12. Ne2 Nb4 13. Nf4 c4 14. Nxd3 Nxd3 15.
Qc2 Nd7 16. Red1 N7c5 17. Ne5 Bf6 18. Nxd3 Nxd3 19. Bxf6 Qxf6 20. Rf1 Rfd8 21.
Qc3 Qxc3 22. dxc3 Rab8 23. b4 a5 24. a3 Kf8 25. Rfd1 Ke7 26. Ra2 Ra8 27. Raa1
Ke6 28. f4 f5 29. Rd2 axb4 30. cxb4 0-1

[Event "Open de Otoño Fundación CajaCanarias"]
[Site "Santa Cruz de Tenerife ESP"]
[Date "2014.10.30"]
[Round "3.19"]
[White "Brito Rodriguez, Cristian"]
[Black "Montilla Bejarano, Carmen"]
[Result "1-0"]
[WhiteElo "1389"]
[BlackElo "1113"]
[PlyCount "55"]
[EventDate "2014.10.27"]
[EventType "swiss"]
[EventRounds "9"]
[EventCountry "ESP"]
[Source "lmi"]
[SourceDate "2014.10.27"]

1. d4 d5 2. c4 dxc4 3. Nc3 Nf6 4. Bf4 e6 5. e3 Bb4 6. Bxc4 O-O 7. Nf3 Re8 8.
O-O b6 9. Ne5 Nc6 10. Nxc6 Qd7 11. Nxb4 a5 12. Bb5 Qe7 13. Bxe8 axb4 14. Bxf7+
Qxf7 15. Ne2 Bb7 16. Qc2 Be4 17. Qxc7 Qg6 18. Bg3 Nh5 19. f3 Bd3 20. Rfe1 b5
21. a3 b3 22. Nf4 Nxf4 23. Bxf4 h5 24. Qc6 Rf8 25. d5 Rf6 26. d6 e5 27. Bxe5
Rxf3 28. Qxf3 1-0

[Event "Open de Otoño Fundación CajaCanarias"]
[Site "Santa Cruz de Tenerife ESP"]
[Date "2014.10.30"]
[Round "3.20"]
[White "Martinez Morina, Manel"]
[Black "Ruiz Yanes, Jose David"]
[Result "1-0"]
[WhiteElo "1826"]
[BlackElo "1487"]
[PlyCount "42"]
[EventDate "2014.10.27"]
[EventType "swiss"]
[EventRounds "9"]
[EventCountry "ESP"]
[Source "lmi"]
[SourceDate "2014.10.27"]

1. e4 e6 2. d4 d5 3. Bd3 dxe4 4. Bxe4 c5 5. Ne2 Nf6 6. Bf3 Nc6 7. Be3 cxd4 8.
Nxd4 Ne5 9. O-O Nxf3+ 10. Qxf3 Be7 11. Nc3 O-O 12. Rad1 Qc7 13. Rd3 Bd7 14.
Rfd1 e5 15. Nf5 Bxf5 16. Qxf5 Rfe8 17. Bg5 Rad8 18. Bxf6 Bxf6 19. Nd5 Qc6 20.
Nxf6+ Qxf6 21. Qxf6 gxf6 1-0

[Event "Open de Otoño Fundación CajaCanarias"]
[Site "Santa Cruz de Tenerife ESP"]
[Date "2014.11.03"]
[Round "4.1"]
[White "Molina Rodriguez, Borja"]
[Black "Hernandez Leon, Alberto"]
[Result "1/2-1/2"]
[WhiteElo "2140"]
[BlackElo "2236"]
[PlyCount "42"]
[EventDate "2014.10.27"]
[EventType "swiss"]
[EventRounds "9"]
[EventCountry "ESP"]
[Source "lmi"]
[SourceDate "2014.10.27"]

1. e4 c5 2. Nf3 d6 3. d4 cxd4 4. Nxd4 Nf6 5. Nc3 a6 6. Be3 e5 7. Nde2 Be7 8.
Ng3 Be6 9. Be2 g6 10. O-O h5 11. Nd5 Bxd5 12. exd5 h4 13. Nh1 Nbd7 14. c4 Nh5
15. Bxh5 Rxh5 16. b4 Bg5 17. Qd2 f5 18. Bxg5 Qxg5 19. f4 exf4 20. Qxf4 Qxf4 21.
Rxf4 Kf7 1/2-1/2

[Event "Open de Otoño Fundación CajaCanarias"]
[Site "Santa Cruz de Tenerife ESP"]
[Date "2014.11.03"]
[Round "4.2"]
[White "Rodriguez Gonzalez, Javier"]
[Black "Hidalgo Santana, Fernando"]
[Result "1/2-1/2"]
[WhiteElo "2229"]
[BlackElo "2220"]
[PlyCount "58"]
[EventDate "2014.10.27"]
[EventType "swiss"]
[EventRounds "9"]
[EventCountry "ESP"]
[Source "lmi"]
[SourceDate "2014.10.27"]

1. d4 d6 2. e4 Nf6 3. Nc3 g6 4. Bg5 Bg7 5. Qd2 c6 6. f4 b5 7. Bd3 a6 8. Nf3 Qb6
9. e5 Nd5 10. exd6 e6 11. O-O-O Nd7 12. Nxd5 cxd5 13. Be7 Bf6 14. f5 Bxe7 15.
dxe7 exf5 16. Rde1 Nf6 17. Qh6 Ra7 18. Ng5 Ng4 19. Qh4 Qxd4 20. Nxf7 Kxf7 21.
Qxh7+ Rxh7 22. e8=Q+ Kg7 23. Qxc8 Rh8 24. Qc6 Ne5 25. Qd6 Qf4+ 26. Kb1 Nxd3 27.
Re7+ Rxe7 28. Qxe7+ Kh6 29. cxd3 Qd4 1/2-1/2

[Event "Open de Otoño Fundación CajaCanarias"]
[Site "Santa Cruz de Tenerife ESP"]
[Date "2014.11.03"]
[Round "4.3"]
[White "Sanchez Martin, Jacobo"]
[Black "Hernandez Leon, Sergio"]
[Result "0-1"]
[WhiteElo "1801"]
[BlackElo "2075"]
[PlyCount "54"]
[EventDate "2014.10.27"]
[EventType "swiss"]
[EventRounds "9"]
[EventCountry "ESP"]
[Source "lmi"]
[SourceDate "2014.10.27"]

1. e4 c5 2. d3 d5 3. Nd2 Nc6 4. Ngf3 e5 5. c3 Nf6 6. Be2 Be7 7. O-O O-O 8. h3
h6 9. Qc2 Be6 10. a3 Rc8 11. Qb1 a5 12. Rd1 Qd7 13. Nf1 d4 14. Ng3 Ne8 15. Nh2
Nd6 16. Bd2 Bh4 17. Nf3 Bxg3 18. fxg3 f5 19. Rf1 fxe4 20. dxe4 c4 21. cxd4 exd4
22. e5 Nf5 23. g4 Ng3 24. Rf2 d3 25. Bf1 Ne4 26. Qc1 Nxf2 27. Bxh6 Ne4 0-1

[Event "Open de Otoño Fundación CajaCanarias"]
[Site "Santa Cruz de Tenerife ESP"]
[Date "2014.11.03"]
[Round "4.4"]
[White "Korneev Leskova, Svyatoslav"]
[Black "Rodriguez Redondo, Ethan"]
[Result "1-0"]
[WhiteElo "2075"]
[BlackElo "1729"]
[PlyCount "85"]
[EventDate "2014.10.27"]
[EventType "swiss"]
[EventRounds "9"]
[EventCountry "ESP"]
[Source "lmi"]
[SourceDate "2014.10.27"]

1. g3 Nf6 2. Bg2 e6 3. c4 Nc6 4. Nf3 Be7 5. O-O O-O 6. b3 d5 7. Bb2 b6 8. e3
Bb7 9. Qe2 Nb4 10. d4 c5 11. Rd1 Qc8 12. a3 Na6 13. Nbd2 Rd8 14. Rac1 Rd7 15.
dxc5 bxc5 16. cxd5 Bxd5 17. Ne5 Rc7 18. e4 Bb7 19. Ndc4 Nb8 20. Ng4 Nbd7 21.
Nd6 Bxd6 22. Rxd6 Ne8 23. Rd2 Nf8 24. Rdc2 Ng6 25. Qe3 a5 26. h4 h5 27. Ne5 Nf8
28. Rxc5 Rxc5 29. Rxc5 Qd8 30. Nc4 Nd7 31. Rxh5 Ndf6 32. Rg5 Qd1+ 33. Kh2 Ng4+
34. Rxg4 Qxg4 35. f3 Qh5 36. Qb6 Ba6 37. Qc6 Nc7 38. Nd6 Rb8 39. Qxc7 Rxb3 40.
Bd4 Rxa3 41. Qd8+ Kh7 42. Qf8 f6 43. Ne8 1-0

[Event "Open de Otoño Fundación CajaCanarias"]
[Site "Santa Cruz de Tenerife ESP"]
[Date "2014.11.03"]
[Round "4.6"]
[White "Villavicencio Martinez, Adalbe"]
[Black "Darias Darias, Luis"]
[Result "1-0"]
[WhiteElo "2318"]
[BlackElo "1819"]
[PlyCount "23"]
[EventDate "2014.10.27"]
[EventType "swiss"]
[EventRounds "9"]
[EventCountry "ESP"]
[Source "lmi"]
[SourceDate "2014.10.27"]

1. e4 e5 2. Nf3 d6 3. d4 Bg4 4. dxe5 Bxf3 5. Qxf3 dxe5 6. Bc4 Qf6 7. Qb3 b6 8.
O-O Bc5 9. Nc3 c6 10. Be3 Nd7 11. Rad1 Nh6 12. Rxd7 1-0

[Event "Open de Otoño Fundación CajaCanarias"]
[Site "Santa Cruz de Tenerife ESP"]
[Date "2014.11.03"]
[Round "4.7"]
[White "Medina Sanchez, Gines"]
[Black "Ramos Aguilar, Jose Manuel"]
[Result "0-1"]
[WhiteElo "1740"]
[BlackElo "2103"]
[PlyCount "142"]
[EventDate "2014.10.27"]
[EventType "swiss"]
[EventRounds "9"]
[EventCountry "ESP"]
[Source "lmi"]
[SourceDate "2014.10.27"]

1. e4 c5 2. Nf3 e6 3. Nc3 a6 4. d4 cxd4 5. Nxd4 Qc7 6. a3 Nf6 7. Bd3 Be7 8. O-O
O-O 9. Be3 d6 10. f4 Nbd7 11. Qf3 Nc5 12. Rac1 Re8 13. b4 Ncd7 14. Nce2 b6 15.
g4 Nf8 16. g5 N6d7 17. h4 Bb7 18. Qh3 e5 19. Nf5 d5 20. Neg3 Ng6 21. fxe5 Ngxe5
22. Bd4 Bf8 23. h5 Re6 24. Nh6+ gxh6 25. gxh6 Bxh6 26. Nf5 Qd8 27. Rf2 Bxc1 28.
Rg2+ Bg5 29. Be3 h6 30. Nxh6+ Rxh6 31. Bxg5 Qxg5 32. Rxg5+ Kh8 33. exd5 Bxd5
34. Be2 f6 35. Rg3 Rd8 36. Qf5 b5 37. Qf4 Rh7 38. h6 Rg8 39. Kf2 Rxg3 40. Kxg3
Kg8 41. Qd2 Be6 42. Qd6 Bf5 43. Qd2 Re7 44. Qd6 Re6 45. Qd5 Kh7 46. Bd3 Bxd3
47. Qxe6 Bxc2 48. Qxa6 Ba4 49. Kf4 Kxh6 50. Qc8 Kg7 51. Kf5 Kf7 52. Qc7 Ke7 53.
Qc3 Bd1 54. Qg3 Bc2+ 55. Kf4 Bd3 56. Ke3 Bc4 57. Kd4 Nc6+ 58. Kc3 Nce5 59. Qg7+
Bf7 60. Qg2 Nc4 61. Qe4+ Be6 62. Qh7+ Kd6 63. Qd3+ Bd5 64. Qg3+ Kc6 65. Kd4 Nd6
66. Qf2 Be6 67. Qf3+ Kb6 68. Kc3 Bc4 69. Qe3+ Kc6 70. Qf3+ Bd5 71. Kd4 Bxf3 0-1

[Event "Open de Otoño Fundación CajaCanarias"]
[Site "Santa Cruz de Tenerife ESP"]
[Date "2014.11.03"]
[Round "4.8"]
[White "Paz Mendez, German Christopher"]
[Black "Kraus, Oliver"]
[Result "1-0"]
[WhiteElo "1715"]
[BlackElo "2024"]
[PlyCount "121"]
[EventDate "2014.10.27"]
[EventType "swiss"]
[EventRounds "9"]
[EventCountry "ESP"]
[Source "lmi"]
[SourceDate "2014.10.27"]

1. d4 Nf6 2. c4 c5 3. e3 g6 4. Nf3 Bg7 5. Bd3 O-O 6. Nc3 cxd4 7. exd4 d5 8.
cxd5 Nxd5 9. O-O Nc6 10. Be4 Nb6 11. Bxc6 bxc6 12. Ne5 Be6 13. Bf4 Rc8 14. Re1
Nd5 15. Nxd5 Bxd5 16. Qa4 Re8 17. Qxa7 Ra8 18. Qc5 Ra5 19. Qc3 Qa8 20. f3 Rc8
21. a3 c5 22. Rac1 c4 23. Re2 Qa7 24. h4 Ra6 25. Be3 Rb8 26. Qe1 Rb3 27. Rc3
Rxc3 28. Qxc3 Rb6 29. Nxc4 Rc6 30. Qa5 Qxa5 31. Nxa5 Rb6 32. Rc2 f6 33. Bd2 Kf7
34. Bb4 Bh6 35. Kf2 f5 36. Nc4 Rb7 37. Ne5+ Ke6 38. Nd3 Kf7 39. Rc5 e6 40. Ne5+
Kf6 41. g4 Bf8 42. g5+ Kg7 43. Rc8 Bxb4 44. axb4 Rxb4 45. Rc7+ Kg8 46. Nd3 Rxd4
47. Rc8+ Kg7 48. Rc7+ Kg8 49. Ke3 Rxh4 50. b4 Rh3 51. Kf4 Rh4+ 52. Ke5 h5 53.
Kf6 Rc4 54. Rg7+ Kf8 55. Ne5 Rxb4 56. Rc7 Bb7 57. Rh7 Kg8 58. Rd7 Bd5 59. Nxg6
Rb7 60. Rd8+ Kh7 61. Rh8# 1-0

[Event "Open de Otoño Fundación CajaCanarias"]
[Site "Santa Cruz de Tenerife ESP"]
[Date "2014.11.03"]
[Round "4.9"]
[White "Thoene, Ruediger"]
[Black "Guniaeva, Olga"]
[Result "0-1"]
[WhiteElo "1974"]
[BlackElo "1685"]
[PlyCount "132"]
[EventDate "2014.10.27"]
[EventType "swiss"]
[EventRounds "9"]
[EventCountry "ESP"]
[Source "lmi"]
[SourceDate "2014.10.27"]

1. g3 d5 2. Bg2 c5 3. Nf3 Nc6 4. O-O Nf6 5. d3 h6 6. a3 Bf5 7. Nbd2 e6 8. c4
Be7 9. Rb1 O-O 10. Qa4 Qb6 11. Re1 Bg6 12. Nf1 dxc4 13. Qxc4 Na5 14. Qa4 Bd6
15. b4 Nc6 16. Be3 Qc7 17. bxc5 Be7 18. Bf4 e5 19. Rxb7 Qxb7 20. Nxe5 Bxc5 21.
Nxc6 Qd7 22. Qc4 Bd6 23. Bxd6 Qxd6 24. Qb4 Qxb4 25. axb4 Rae8 26. Ra1 Rxe2 27.
d4 Be4 28. Ne3 Rb2 29. d5 Re8 30. Nc4 Rb1+ 31. Rxb1 Bxb1 32. N4e5 Be4 33. d6
Bxc6 34. Nxc6 Re6 35. Nxa7 Rxd6 36. Bc6 Nd7 37. Nc8 Rd1+ 38. Kg2 Kf8 39. b5 Nb8
40. Be4 Rd8 41. Na7 Nd7 42. Kf3 Nb6 43. Nc6 Rd7 44. Kf4 f6 45. Ke3 Nc4+ 46. Ke2
Rd2+ 47. Ke1 Rb2 48. Nd4 Nd6 49. Bd3 Rb4 50. Nc2 Rb3 51. Kd2 Nxb5 52. h4 Na3
53. Nd4 Rb6 54. Ke3 Kf7 55. Nf5 Nb5 56. Bc4+ Kf8 57. Bd3 Nd6 58. Nd4 Kf7 59.
Be2 g6 60. Bd3 Rb8 61. Kf3 Re8 62. Kf4 Re5 63. Nc6 Rd5 64. Ke3 Nf5+ 65. Ke4 Rd6
66. Na5 Rd4+ 0-1

[Event "Open de Otoño Fundación CajaCanarias"]
[Site "Santa Cruz de Tenerife ESP"]
[Date "2014.11.03"]
[Round "4.10"]
[White "Martin Ortega, Oscar"]
[Black "Perez De La Torre, Jorge"]
[Result "1-0"]
[WhiteElo "1909"]
[BlackElo "1628"]
[PlyCount "55"]
[EventDate "2014.10.27"]
[EventType "swiss"]
[EventRounds "9"]
[EventCountry "ESP"]
[Source "lmi"]
[SourceDate "2014.10.27"]

1. e4 c5 2. Nf3 g6 3. d4 cxd4 4. Nxd4 Nc6 5. Be3 Nf6 6. Nc3 Bg7 7. Be2 O-O 8.
Nb3 d6 9. O-O a6 10. f4 b5 11. Bf3 Bd7 12. Kh1 Rc8 13. a4 b4 14. Nb1 Na5 15.
Nxa5 Qxa5 16. Nd2 Qc7 17. Qe2 Qxc2 18. Qxa6 Qxb2 19. Nc4 Qb3 20. Nb6 Qxe3 21.
Nxc8 Rxc8 22. Qb7 Qc5 23. e5 dxe5 24. fxe5 Qxe5 25. Rad1 Rb8 26. Qa7 Bg4 27.
Rfe1 Qf4 28. Rd4 1-0

[Event "Open de Otoño Fundación CajaCanarias"]
[Site "Santa Cruz de Tenerife ESP"]
[Date "2014.11.03"]
[Round "4.11"]
[White "Chirinos Rodriguez, Jonathan E"]
[Black "Lopez Pereyra, Antonio"]
[Result "0-1"]
[WhiteElo "1538"]
[BlackElo "2108"]
[PlyCount "45"]
[EventDate "2014.10.27"]
[EventType "swiss"]
[EventRounds "9"]
[EventCountry "ESP"]
[Source "lmi"]
[SourceDate "2014.10.27"]

1. e4 c5 2. Nf3 Nc6 3. d4 cxd4 4. c3 dxc3 5. Nxc3 e6 6. Bc4 Nge7 7. Bf4 Ng6 8.
Bg3 a6 9. O-O Be7 10. Qd2 O-O 11. Rfd1 Qa5 12. a3 b5 13. b4 Qb6 14. Bb3 a5 15.
Qe2 axb4 16. axb4 Rxa1 17. Rxa1 Nd4 18. Qe3 Bf6 19. Rd1 Nxf3+ 20. Qxf3 Qc6 21.
Bd6 Rd8 22. Ne2 Bb7 23. Rc1 0-1

[Event "Open de Otoño Fundación CajaCanarias"]
[Site "Santa Cruz de Tenerife ESP"]
[Date "2014.11.03"]
[Round "4.12"]
[White "Bernardez Gonzalez, Roberto"]
[Black "Rodriguez Perez, Mauro"]
[Result "1/2-1/2"]
[WhiteElo "1420"]
[BlackElo "1941"]
[PlyCount "90"]
[EventDate "2014.10.27"]
[EventType "swiss"]
[EventRounds "9"]
[EventCountry "ESP"]
[Source "lmi"]
[SourceDate "2014.10.27"]

1. e4 e6 2. d4 d5 3. e5 c5 4. c3 Qb6 5. Nf3 Nc6 6. a3 c4 7. g3 Bd7 8. Nbd2 Na5
9. Bh3 h6 10. Rb1 Qc7 11. O-O Ne7 12. Qe2 Ba4 13. Ne1 O-O-O 14. Ndf3 Kb8 15.
Nh4 Bd7 16. Qf3 Rg8 17. Nhg2 Be8 18. Ne3 Nb3 19. Qe2 Bd7 20. f4 Nf5 21. Nxf5
exf5 22. Be3 Qc8 23. Bg2 Be6 24. Nf3 Be7 25. Nd2 Na5 26. Rfc1 b6 27. b4 Nb7 28.
Ra1 g5 29. a4 a6 30. Nb1 gxf4 31. gxf4 Rg6 32. Kh1 Rdg8 33. Rg1 Qd8 34. Bf3
R8g7 35. Bh5 Rxg1+ 36. Bxg1 Qg8 37. Na3 Qe8 38. b5 a5 39. Nc2 Bd8 40. Bf2 Qg8
41. Rg1 Rxg1+ 42. Bxg1 f6 43. Qg2 fxe5 44. Qxg8 Bxg8 45. dxe5 Nc5 1/2-1/2

[Event "Open de Otoño Fundación CajaCanarias"]
[Site "Santa Cruz de Tenerife ESP"]
[Date "2014.11.03"]
[Round "4.13"]
[White "Garcia Rodriguez, Pedro Leopol"]
[Black "Brito Rodriguez, Cristian"]
[Result "1-0"]
[WhiteElo "1927"]
[BlackElo "1389"]
[PlyCount "44"]
[EventDate "2014.10.27"]
[EventType "swiss"]
[EventRounds "9"]
[EventCountry "ESP"]
[Source "lmi"]
[SourceDate "2014.10.27"]

1. c4 Nf6 2. d4 g6 3. Nc3 Bg7 4. e4 d6 5. Be2 O-O 6. Nf3 Re8 7. O-O Nbd7 8. e5
dxe5 9. dxe5 Ng4 10. e6 fxe6 11. Ng5 Nde5 12. Bxg4 Nxg4 13. Qxg4 e5 14. Qh4 h5
15. Rd1 Bd7 16. Qe4 Bf5 17. Rxd8 Bxe4 18. Rxa8 Rxa8 19. Ncxe4 Rd8 20. Be3 Kh8
21. Nf7+ Kg8 22. Nxd8 b6 1-0

[Event "Open de Otoño Fundación CajaCanarias"]
[Site "Santa Cruz de Tenerife ESP"]
[Date "2014.11.03"]
[Round "4.14"]
[White "Plasencia Garcia, Juan Carlos"]
[Black "Gonzalez Diaz, Eusebio"]
[Result "1-0"]
[WhiteElo "1683"]
[BlackElo "1440"]
[PlyCount "79"]
[EventDate "2014.10.27"]
[EventType "swiss"]
[EventRounds "9"]
[EventCountry "ESP"]
[Source "lmi"]
[SourceDate "2014.10.27"]

1. e4 e5 2. Nf3 Nc6 3. Bc4 Bc5 4. c3 a6 5. d4 exd4 6. cxd4 Be7 7. Qb3 Bb4+ 8.
Nc3 Bxc3+ 9. bxc3 Qe7 10. Bd5 Na5 11. Qa4 c6 12. Bxf7+ Qxf7 13. Qxa5 b5 14. Ne5
Qe7 15. Ba3 d6 16. O-O Bb7 17. Qb6 Nf6 18. Nxc6 Bxc6 19. Qxc6+ Kf7 20. Bxd6
Qxe4 21. Qc7+ Kg6 22. Rae1 Qg4 23. Re7 Rhg8 24. h3 Qf5 25. Re5 Qd7 26. Qxd7
Nxd7 27. Re7 Nf6 28. Rfe1 h6 29. R1e6 Rae8 30. Rxe8 Rxe8 31. Rxe8 Nxe8 32. Be5
Kf5 33. Kf1 a5 34. a3 Ke4 35. Ke2 Nf6 36. f3+ Kf5 37. Kd3 g5 38. Bxf6 Kxf6 39.
Ke4 h5 40. d5 1-0

[Event "Open de Otoño Fundación CajaCanarias"]
[Site "Santa Cruz de Tenerife ESP"]
[Date "2014.11.03"]
[Round "4.15"]
[White "Perez Martin, Nicanor"]
[Black "Marichal Miranda, Diego"]
[Result "0-1"]
[WhiteElo "1599"]
[BlackElo "1431"]
[PlyCount "90"]
[EventDate "2014.10.27"]
[EventType "swiss"]
[EventRounds "9"]
[EventCountry "ESP"]
[Source "lmi"]
[SourceDate "2014.10.27"]

1. d4 Nf6 2. c4 e6 3. Nf3 b6 4. Nc3 Bb7 5. Bf4 d5 6. e3 Bb4 7. Qa4+ Nc6 8. Rc1
Bxc3+ 9. Rxc3 O-O 10. cxd5 Nxd5 11. Rxc6 Bxc6 12. Qxc6 Nxf4 13. exf4 Qd6 14.
Qxd6 cxd6 15. Bd3 Rac8 16. O-O Rc7 17. Nd2 d5 18. f5 a5 19. a4 Rfc8 20. Nb3 Re8
21. Re1 Ree7 22. g4 exf5 23. Rxe7 Rxe7 24. g5 g6 25. Nd2 Re1+ 26. Nf1 Rd1 27.
Bc2 Rxd4 28. Kg2 Rb4 29. b3 b5 30. Ne3 bxa4 31. Nxd5 Rg4+ 32. Kf3 axb3 33. Bxb3
Rxg5 34. Kf4 Rg2 35. Ke5 Kg7 36. Nc7 Rxf2 37. Ne8+ Kf8 38. Nd6 Rxh2 39. Kf6 Rd2
40. Nc4 Rd4 41. Nxa5 f4 42. Ke5 Rb4 43. Bd5 Rb5 44. Nc6 f3 45. Nd4 Rxd5+ 0-1

[Event "Open de Otoño Fundación CajaCanarias"]
[Site "Santa Cruz de Tenerife ESP"]
[Date "2014.11.03"]
[Round "4.16"]
[White "Iriarte Callejas, Joaquin"]
[Black "Febles Dominguez, Alfonso Jesu"]
[Result "1-0"]
[WhiteElo "1565"]
[BlackElo "1379"]
[PlyCount "68"]
[EventDate "2014.10.27"]
[EventType "swiss"]
[EventRounds "9"]
[EventCountry "ESP"]
[Source "lmi"]
[SourceDate "2014.10.27"]

1. c4 Nf6 2. Nc3 Nc6 3. g3 e5 4. Bg2 Be7 5. d3 h6 6. Nf3 d6 7. O-O Be6 8. Qb3
Qc8 9. Nd5 Bd8 10. Bd2 O-O 11. Bc3 Re8 12. Nd2 Rb8 13. Ne4 Nxe4 14. Bxe4 Nd4
15. Bxd4 exd4 16. Nf4 Bd7 17. Rac1 Bg5 18. c5 Bxf4 19. gxf4 Rxe4 20. dxe4 Bh3
21. Rfe1 Qg4+ 22. Qg3 Qxg3+ 23. fxg3 Be6 24. cxd6 cxd6 25. a3 Bb3 26. Rc7 a5
27. Rec1 d5 28. Rc8+ Rxc8 29. Rxc8+ Kh7 30. e5 Bc4 31. Kf2 d3 32. exd3 Bxd3 33.
Rc7 Be4 34. Rxf7 d4 1-0

[Event "Open de Otoño Fundación CajaCanarias"]
[Site "Santa Cruz de Tenerife ESP"]
[Date "2014.11.03"]
[Round "4.17"]
[White "De La Rosa Baez, Carlos"]
[Black "Sosa Sosa, Jose Manuel"]
[Result "0-1"]
[WhiteElo "1326"]
[BlackElo "1551"]
[PlyCount "60"]
[EventDate "2014.10.27"]
[EventType "swiss"]
[EventRounds "9"]
[EventCountry "ESP"]
[Source "lmi"]
[SourceDate "2014.10.27"]

1. c4 Nf6 2. g3 c6 3. Bg2 d5 4. cxd5 cxd5 5. Nf3 e6 6. O-O Bd6 7. Nc3 Bd7 8. d4
Nc6 9. Ng5 h6 10. e4 hxg5 11. e5 Nxe5 12. dxe5 Bxe5 13. Bxg5 Qc7 14. Rc1 Qd6
15. f4 Qb6+ 16. Kh1 Nh5 17. Qd3 Qd4 18. Rfd1 Qf2 19. Ne2 Qxe2 20. fxe5 Qxe5 21.
Bh4 Bc6 22. Qa3 g5 23. Re1 Qc7 24. Bxg5 Nxg3+ 25. Kg1 Nf5 26. h3 Rg8 27. h4 Qg3
28. Qb4 a5 29. Qc5 Kd7 30. Qb6 Nxh4 0-1

[Event "Open de Otoño Fundación CajaCanarias"]
[Site "Santa Cruz de Tenerife ESP"]
[Date "2014.11.03"]
[Round "4.18"]
[White "Perez Perez, Gabriel"]
[Black "Perez Garcia, Jimena"]
[Result "1-0"]
[WhiteElo "1534"]
[BlackElo "1120"]
[PlyCount "43"]
[EventDate "2014.10.27"]
[EventType "swiss"]
[EventRounds "9"]
[EventCountry "ESP"]
[Source "lmi"]
[SourceDate "2014.10.27"]

1. e4 c5 2. Nf3 d6 3. d4 cxd4 4. Nxd4 Nf6 5. Bb5+ Nbd7 6. Nc3 e5 7. Nf5 a6 8.
Bc4 Nb6 9. Bb3 Bxf5 10. exf5 Be7 11. O-O O-O 12. f4 h6 13. fxe5 dxe5 14. Qf3
Qc7 15. Qg3 Kh8 16. Be3 Bd6 17. Qh4 Rad8 18. Bxh6 gxh6 19. Qxf6+ Kg8 20. Qg6+
Kh8 21. Qxh6+ Kg8 22. f6 1-0

[Event "Open de Otoño Fundación CajaCanarias"]
[Site "Santa Cruz de Tenerife ESP"]
[Date "2014.11.03"]
[Round "4.20"]
[White "De Castro De Leon, Jorge"]
[Black "Martinez Morina, Manel"]
[Result "1-0"]
[WhiteElo "1630"]
[BlackElo "1826"]
[PlyCount "67"]
[EventDate "2014.10.27"]
[EventType "swiss"]
[EventRounds "9"]
[EventCountry "ESP"]
[Source "lmi"]
[SourceDate "2014.10.27"]

1. e4 d5 2. exd5 Nf6 3. d4 Bg4 4. Nf3 Qxd5 5. Be2 Nc6 6. c4 Qh5 7. Nc3 O-O-O 8.
Be3 e6 9. O-O Bd6 10. h3 Bxh3 11. gxh3 Qxh3 12. c5 Bxc5 13. Ng5 Qh4 14. Nxf7
Nxd4 15. Nxd8 Rxd8 16. Qc1 Nxe2+ 17. Nxe2 Ng4 18. Bf4 Bxf2+ 19. Kg2 e5 20. Rh1
Qf6 21. Bg5 Qf5 22. Ng3 Qe6 23. Bxd8 Qd5+ 24. Kh3 Qxd8 25. Kxg4 Qd3 26. Qc3
Qd7+ 27. Kf3 Bd4 28. Qd3 g6 29. Qc4 b5 30. Qg8+ Kb7 31. Rxh7 Qc6+ 32. Ne4 Qc2
33. Qd5+ Kb6 34. Qb3 1-0